Controlling methods of insectpests onmungeban after rice in lowland condition,(វិធានការកម្ចាត់សត្វល្អិតចង្រៃលើដំណំាសណ្ដែកបាយក្រោយពេលប្រមូលផលស្រូវ ក្នុងលក្ខខណ្ឌស្រែទំនាប) (Record no. 1177)

000 -LEADER
fixed length control field 00678nam a22001457a 4500
003 - CONTROL NUMBER IDENTIFIER
control field OSt
005 - DATE AND TIME OF LATEST TRANSACTION
control field 20150924104932.0
008 - FIXED-LENGTH DATA ELEMENTS--GENERAL INFORMATION
fixed length control field 150924b xxu||||| |||| 00| 0 eng d
040 ## - CATALOGING SOURCE
Transcribing agency RUA
082 ## - DEWEY DECIMAL CLASSIFICATION NUMBER
Classification number AGR MAT 2012 B052 Or.1
245 ## - TITLE STATEMENT
Title Controlling methods of insectpests onmungeban after rice in lowland condition,(វិធានការកម្ចាត់សត្វល្អិតចង្រៃលើដំណំាសណ្ដែកបាយក្រោយពេលប្រមូលផលស្រូវ ក្នុងលក្ខខណ្ឌស្រែទំនាប)
260 ## - PUBLICATION, DISTRIBUTION, ETC. (IMPRINT)
Place of publication, distribution, etc. phnom penh
Name of publisher, distributor, etc. RUA
Date of publication, distribution, etc. 2012
300 ## - PHYSICAL DESCRIPTION
Extent xiii, 64p.
Dimensions ill.
Size of unit 29cm.
942 ## - ADDED ENTRY ELEMENTS (KOHA)
Source of classification or shelving scheme
Koha item type AGR
Holdings
Price effective from Date last seen Permanent Location Not for loan Date acquired Source of classification or shelving scheme Koha item type Lost status Withdrawn status Total Renewals Date last checked out Total Checkouts Shelving location Damaged status Barcode Current Location Full call number
2015-09-242023-11-24Library Block B 2015-09-24 AGR   2023-11-012B052 RUA015671Library Block BAGR MAT 2012 B052 Or.1
2015-09-242019-12-11Library Block B 2015-09-24 AGR  12019-11-297B052 RUA005399Library Block BAGR MAT 2012 B052 Or.2
2015-09-242023-12-13Library Block B 2015-09-24 AGR   2023-11-014B052 RUA005572Library Block BAGR MAT 2012 B052 Or.3
មជ្ឈមណ្ឌលឯការនៃសាកលវិទ្យាល័យភូមិន្ទកសិកម្មចំការដូង

Powered by Koha